000 00716nam a2200229 a 4500
001 13708
003 BD-JhCC
005 20240318094413.0
008 240318b 2007b |||| ||a| 001 0 be d
020 _a9840745581
035 _a(BD-JhCC)13708
040 _aBD-JhCC
_dBD-JhCC
041 _aben
082 _a891.4409
_bHOS 2007
100 _a হোসেন, অনু
245 _aবাংলাদেশের কবিতা লোকসংস্কৃতির নন্দনতত্ত্ব /
_bঅনু হোসেন
260 _aঢাকা:
_bবাংলা একাডেমী;
_c2007.
300 _a379 p. :
_c22 cm.
650 _aBengali Literature
942 _2ddc
_cBK
999 _c13708
_d13708